<?xml version="1.0" encoding="UTF-8"?>
<marc:record xmlns:marc="http://www.loc.gov/MARC21/slim">
   <marc:leader>00000nam a2200000 a 4500</marc:leader>
   <marc:datafield ind1="1" ind2=" " tag="100">
      <marc:subfield code="a">Kolb, Suza</marc:subfield>
      <marc:subfield code="4">aut</marc:subfield>
      <marc:subfield code="e">Verfasser/-in</marc:subfield>
   </marc:datafield>
   <marc:datafield ind1=" " ind2=" " tag="653">
      <marc:subfield code="a">Tonie</marc:subfield>
   </marc:datafield>
   <marc:datafield ind1=" " ind2=" " tag="653">
      <marc:subfield code="a">Pferd</marc:subfield>
   </marc:datafield>
   <marc:datafield ind1="0" ind2="0" tag="245">
      <marc:subfield code="a">Die Haferhorde</marc:subfield>
   </marc:datafield>
   <marc:datafield ind1="0" ind2="0" tag="245">
      <marc:subfield code="b">Immer den Nüstern nach!</marc:subfield>
   </marc:datafield>
   <marc:datafield ind1="0" ind2="0" tag="245">
      <marc:subfield code="c">Kolb, Suza</marc:subfield>
   </marc:datafield>
   <marc:datafield ind1=" " ind2="1" tag="264">
      <marc:subfield code="a">Düsseldorf</marc:subfield>
      <marc:subfield code="b">tonies</marc:subfield>
      <marc:subfield code="c">2023</marc:subfield>
   </marc:datafield>
   <marc:datafield ind1="1" ind2=" " tag="490">
      <marc:subfield code="a">Die Haferhorde</marc:subfield>
   </marc:datafield>
   <marc:datafield ind1="1" ind2=" " tag="520">
      <marc:subfield code="a">Die Superponys sind zurück!&#xD;
&#xD;
Ein Wildschwein auf dem Blümchenhof? Sowas haben die Tiere hier noch nie gesehen. Aber der kleine Frischling Freddy hat seine Familie verloren – natürlich müssen Schoko und Keks ihm helfen, sie sind schließlich Superrettungsponys! Dabei haben sie eigentlich gerade ganz andere Sorgen: Die Chefin hat beschlossen, ein Springturnier zu veranstalten und auch die Pferde vom Donnerheini einzuladen. Und dann wird auf einmal ausgerechnet der gemütliche Toni von großem Ehrgeiz gepackt …&#xD;
&#xD;
Teil drei der turbulenten Reihe um die Ponys Schoko, Keks und ihre Freunde vom Blümchenhof – ungekürzt gelesen von Bürger Lars Dietrich.&#xD;
&#xD;
Ab 8 Jahre&#xD;
&#xD;
Titelliste:&#xD;
01 - -49 Die Haferhorde: Immer den Nüstern nach</marc:subfield>
   </marc:datafield>
   <marc:datafield ind1=" " ind2=" " tag="020">
      <marc:subfield code="a">9783734840227</marc:subfield>
      <marc:subfield code="9">9783734840227</marc:subfield>
   </marc:datafield>
   <marc:datafield ind1="3" ind2=" " tag="024">
      <marc:subfield code="a">4251192125866</marc:subfield>
   </marc:datafield>
   <marc:datafield ind1=" " ind2=" " tag="300">
      <marc:subfield code="a">139 Min.</marc:subfield>
   </marc:datafield>
</marc:record>
